| 000 | 01660nam0a2200325 4500 | ||
|---|---|---|---|
| 001 | RU\NLR\BIBL_A\022606643 | ||
| 005 | 20251123120406.0 | ||
| 010 |
_a978-5-392-37917-0 _9500 |
||
| 035 | _a(NLR Aleph) 022606643 | ||
| 090 |
_a13464912 _c13464912 |
||
| 100 | _a20250821d2023 k y0rusy50 ca | ||
| 101 | 0 | _arus | |
| 102 | _aRU | ||
| 105 | _ay z 000yy | ||
| 181 | 0 |
_ai _baxxe |
|
| 182 | 0 | _an | |
| 200 | 1 |
_aАкты "мягкого права" в системе источников финансового права России _eконцептуальная основа _eмонография _fС. Г. Еремин _gФинансовый университет при Правительстве Российской Федерации |
|
| 203 |
_aТекст _bвизуальный _cнепосредственный |
||
| 210 |
_aМосква _cПроспект _d2023 |
||
| 215 |
_a239 с. _d21 |
||
| 300 | _aНа обороте тит. с. авт.: С. Г. Еремин, канд. юрид. наук, доц. | ||
| 320 | _aБиблиогр.: с. 206–237 и в подстроч. примеч. | ||
| 606 | 1 |
_aФинансовое право _xИсточники _yРоссийская Федерация _92579936 _3RU\NLR\AUTH\661525226 |
|
| 606 | 1 |
_aМеждународное финансовое право _xНормы _xПрименение _yРоссийская Федерация _92274026 _3RU\NLR\AUTH\6601591557 |
|
| 686 | 1 | _aХ622-3 | |
| 700 | 1 |
_aЕремин _bС. Г. _gСергей Геннадьевич |
|
| 942 | _cBOOK | ||
| 980 | _aNB | ||